100 Biggest Cities of Uzbekistan on a Map - Statistics

General Stats
  • This quiz has been taken 98 times
  • The average score is 11 of 100
Answers on the Map
Answers color-coded by a green-red scale on the quiz's map according to % correct below.
 
Answer Stats
Population City % Correct
2,956,384 Tashkent
92%
572,835 Samarkand
88%
266,600 Bukhara
65%
334,557 Nukus
54%
314,449 Fergana
48%
678,154 Namangan
48%
96,974 Khiva
42%
149,942 Urgench
42%
155,985 Navoi
40%
468,055 Andijan
38%
288,887 Karshi
35%
303,620 Kokand
33%
191,620 Dzhizak
31%
195,655 Termez
29%
168,032 Chirchik
21%
246,650 Margilan
21%
144,773 Shakhrisabz
21%
141,894 Almalik
19%
178,517 Angren
19%
76,400 Gulistan
19%
64,966 Chust
15%
86,502 Zarafshon
13%
102,012 Bekabad
10%
68,994 Denov
8%
63,743 Kagan
8%
93,423 Kattakurgan
8%
27,865 Piskent
8%
47,373 Urgut
8%
81,946 Yangiyul
8%
41,070 G'ijduvon
6%
30,600 Keles
6%
56,736 Leninsk
6%
35,973 Parkent
6%
26,816 Sirdarya
6%
39,400 Xonqa
6%
40,718 Akhangaran
4%
71,000 Beruniy
4%
25,050 Boysun
4%
59,100 Chimboy
4%
24,856 Gagarin
4%
59,681 Koson
4%
29,403 Nurata
4%
25,543 Oltiariq
4%
38,307 Oqtosh
4%
22,122 Pop
4%
27,750 Qibray
4%
33,000 Qorasuv
4%
33,167 Quva
4%
71,400 Shahrixon
4%
84,700 To'rtko'l
4%
26,800 Uchkuduk
4%
29,683 Uychi
4%
81,100 Xo'jayli
4%
46,774 Yangiyer
4%
21,984 Beshariq
2%
26,815 Bulung'ur
2%
24,700 G'allaorol
2%
24,700 G'azalkent
2%
27,506 Gurlan
2%
26,257 Haqqulobod
2%
22,700 Jarqo'rg'on
2%
38,100 Khanabad
2%
41,938 Kitob
2%
43,684 Kosonsoy
2%
55,700 Kuvasay
2%
30,854 Mang'it
2%
29,180 Muborak
2%
24,000 Oxunboboyev
2%
21,384 Paxtakor
2%
39,100 Qamashi
2%
37,100 Qo'ng'irot
2%
22,300 Qorako'l
2%
25,861 Qo'rg'ontepa
2%
34,800 Rishton
2%
29,100 Sherobod
2%
26,950 Shovot
2%
54,600 Taxiatosh
2%
27,862 To'raqo'rg'on
2%
54,130 To'ytepa
2%
33,323 Uchqo'rg'on
2%
27,077 Zomin
2%
26,380 Bektemir
0%
24,553 Chinoz
0%
49,844 Chortoq
0%
25,368 G'uzor
0%
27,636 Iskandar
0%
22,487 Karakul’
0%
48,908 Novyy Turtkul’
0%
59,122 Oltinko‘l
0%
24,772 Payshamba
0%
26,000 Poytug'
0%
26,494 Salor
0%
26,527 Shofirkon
0%
24,900 Sho'rchi
0%
28,562 Toshbuloq
0%
26,686 Toshloq
0%
24,900 Yangiobod
0%
28,422 Yangiqo‘rg‘on
0%
25,027 Yangirabot
0%
24,781 Zafar
0%
No matching quizzes found
Score Distribution
Percent of People with Each Score
Percentile by Number Answered
Your Score History
You have not taken this quiz